000 00545nam a2200193Ia 4500
005 20250326144457.0
008 250326s9999 xx 000 0 und d
037 _aTextbook
040 _aFMSL
_beng
_cFMSL
041 _aeng
_2eng
084 _aX:8(SNI:431) P3
_qFMSL
100 _aRothwell W J
245 0 _aWhat CEOs expect formcorporae training
_cRothwell W J And Others
260 _aNY
_bNY, AMACOM
_c2003
365 _b1365.9165
650 _aManagement
942 _cTB
_hX:8(SNI:431) P3
999 _c1303844
_d1303844